LEADER 03234nam 2200577Ia 450 001 9910790241003321 005 20200520144314.0 010 $a0-7486-3559-9 024 7 $a10.1515/9780748635597 035 $a(CKB)2670000000203761 035 $a(EBL)932452 035 $a(OCoLC)795695175 035 $a(Au-PeEL)EBL932452 035 $a(CaPaEBR)ebr10569461 035 $a(CaONFJC)MIL729318 035 $a(DE-B1597)614975 035 $a(DE-B1597)9780748635597 035 $a(MiAaPQ)EBC932452 035 $a(OCoLC)1302163909 035 $a(EXLCZ)992670000000203761 100 $a20081127d2008 uy 0 101 0 $aeng 135 $aurcn||||||||| 181 $ctxt$2rdacontent 182 $cc$2rdamedia 183 $acr$2rdacarrier 200 10$aArabic today$b[electronic resource] $ea student, business and professional course in spoken and written Arabic /$fJohn Mace 205 $a2nd ed. 210 $aEdinburgh $cEdinburgh University Press$d2008 215 $a1 online resource (368 p.) 300 $aPrevious ed.: 1996. 311 $a1-322-98036-5 311 $a0-7486-3557-2 320 $aIncludes bibliographical references and indexes. 327 $aAr T 1 (Prelims).pdf; Ar T 2 (Cont).pdf; Ar T 3 (Intro).pdf; Ar T 4 (Pronunc).pdf; Ar T 5 (pp 1 & 2).pdf; Ar T 6 (L1).pdf; Ar T 7 (L2).pdf; Ar T 8 (L3).pdf; Ar T 9 (L3a).pdf; Ar T 10 (L4).pdf; Ar T 11 (L4a).pdf; Ar T 12 (L5).pdf; Ar T 13 (L6).pdf; Ar T 14 (L7).pdf; Ar T 15 (L8).pdf; Ar T 16 (L9).pdf; Ar T 17 (L10).pdf; Ar T 18 (L10a).pdf; Ar T 19 (L11).pdf; Ar T 20 (L11a).pdf; Ar T 21 (L12).pdf; Ar T 22 (L12a).pdf; Ar T 23 (L13).pdf; Ar T 24 (L14).pdf; Ar T 25 (L15).pdf; Ar T 26 (pp 157 & 158).pdf; Ar T 27 (L16).pdf; Ar T 28 (L17).pdf; Ar T 29 (L18).pdf; Ar T 30 (L18a).pdf; Ar T 31 (L19).pdf 327 $aAr T 32 (L19a).pdfAr T 33 (L20).pdf; Ar T 34 (L21).pdf; Ar T 35 (L21a).pdf; Ar T 36 (L22).pdf; Ar T 37 (L23).pdf; Ar T 38 (L23a).pdf; Ar T 39 (L24).pdf; Ar T 40 (L24a).pdf; Ar T 41 (L25).pdf; Ar T 42 (L26).pdf; Ar T 43 (Key).pdf; Ar T 44 (Ar 1).pdf; Ar T 45 (Eng 1 + 2).pdf; Ar T 46 (Ar 2).pdf; Ar T 47 (Grammar index).pdf; Ar T 48 (Grammar Index a).pdf 330 $aA student, business and professional course in spoken and written Arabic aimed at those with no prior knowledge of the language.Suitable for business professionals and students wanting to communicate directly with people and institutions in the Arab world, Arabic Today is a self-contained course in contemporary Arabic.Tuition tends to concentrate either on the written language (never used in everyday speech) or on a selected regional dialect (which is never written down). Arabic Today breaks with this tradition, capitalising on the emerging form of spoken Pan-Arabic. This supraregional form of 606 $aArabic language$vTextbooks for foreign speakers$xEnglish 606 $aBusiness$xLanguage 615 0$aArabic language$xEnglish. 615 0$aBusiness$xLanguage. 676 $a492.7/82421 676 $a492.782421 700 $aMace$b John$f1933-$0689628 801 0$bMiAaPQ 801 1$bMiAaPQ 801 2$bMiAaPQ 906 $aBOOK 912 $a9910790241003321 996 $aArabic today$91238134 997 $aUNINA LEADER 02189oam 2200481zu 450 001 9910164745403321 005 20241218211018.0 010 $a9780803155787 010 $a0803155786 035 $a(CKB)3170000000045074 035 $a(SSID)ssj0001490143 035 $a(PQKBManifestationID)11850589 035 $a(PQKBTitleCode)TC0001490143 035 $a(PQKBWorkID)11460331 035 $a(PQKB)10594933 035 $a(NjHacI)993170000000045074 035 $a(EXLCZ)993170000000045074 100 $a20160829d1979 uy 101 0 $aeng 135 $aur||||||||||| 181 $ctxt 182 $cc 183 $acr 200 10$aLaser Induced Damage in Optical Materials: 1978 210 31$a[Place of publication not identified]$cAmerican Society for Testing & Materials$d1979 215 $a1 online resource (364 pages) 300 $aBibliographic Level Mode of Issuance: Monograph 311 08$a9780803100855 311 08$a080310085X 330 $aThe Tenth Annual Symposium on Optical Materials for High Power Lasers was divided into sessions concerning the Measurement of Absorption Characteristics, Bulk Material Properties, Mirrors and Surfaces, Thin Film Damage, Coating Materials and Design and Breakdown Phenomena. As in previous years, the emphasis of the papers presented at the Symposium was directed toward new frontiers and new developments. Particular emphasis was given to materials for use from 10.6 micrometers to the uv region. Highlights included surface characterization, thin film-substrate boundaries, and advances in fundamental laser-matter threshold interactions and mechanisms. The scaling of damage thresholds with pulse duration, focal area, and wavelength were also discussed. 517 $aLaser Induced Damage in Optical Materials 606 $aLaser materials$vCongresses 606 $aLasers$vCongresses 615 0$aLaser materials 615 0$aLasers 676 $a621.366 702 $aGlass$b Alexander J.$f1933- 702 $aGuenther$b Arthur Henry$f1931- 801 0$bPQKB 906 $aBOOK 912 $a9910164745403321 996 $aLaser Induced Damage in Optical Materials: 1978$92232612 997 $aUNINA